Sports Quiz

Random Sports or Baseball Quiz

My bats are Silver Quiz Stats

 Plays Quiz not verified by Sporcle

Score 0/28 Timer 07:00
0 Plays Today
% Correct
Rodriguez
97.7%
Rodriguez
97.7%
Piazza
87.5%
Bonds
87.5%
Schmidt
83%
Ripken
81.8%
Jeter
81.8%
Ortiz
76.1%
Griffey
72.7%
Posada
65.9%
Carter
65.9%
Sosa
65.9%
Sandberg
61.4%
Ramirez
61.4%
% Correct
Cano
55.7%
Boggs
55.7%
Mauer
54.5%
Gwynn
51.1%
Larkin
46.6%
Gonzalez
44.3%
Guerrero
42%
Hampton
40.9%
Puckett
37.5%
Belle
36.4%
Winfield
34.1%
Mccann
28.4%
Braun
27.3%
Parrish
23.9%

You're not logged in!

Compare scores with friends on all Sporcle quizzes.
OR
Log In

Show Comments

Extras

Top Quizzes Today


Score Distribution

Your Account Isn't Verified!

In order to create a playlist on Sporcle, you need to verify the email address you used during registration. Go to your Sporcle Settings to finish the process.

Report this User

Report this user for behavior that violates our Community Guidelines.

Details: